000 00650nam a22002177a 4500
003 OSt
005 20260309033906.0
008 260309b |||||||| |||| 00| 0 eng d
020 _a007-124796-3.
040 _aDWC-Main lib.
_cOC
082 _218th ed.
_aCirc. 330 S193e 2005
100 _aSamuelson, Paul A.
245 _aEconomics/
_cPaul A. Samuelson
260 _aSingapore :
_bMc-Graw-Hill Education (Asia),
_cc2005.
300 _axxiv, 776 p. :
_billustrations ;
_c23 cm.
504 _aIncludes index.
650 _a1. Economics.
700 _aNordhaus, William D.
760 _b18th ed.
942 _2ddc
_cBK-CIRC
_e18th ed.
_hCirc.
_n0
999 _c8738
_d8738